مكتبة جامعة عجلون الوطنية

فهرس بحث المكتبة

Normal view MARC view
  • صعوبات تعلم-جوانب اجتماعية

Entry Topical Term

Number of records used in: 1

001 - CONTROL NUMBER

  • control field: 63514

003 - CONTROL NUMBER IDENTIFIER

  • control field: JO-AjAnu

005 - DATE AND TIME OF LATEST TRANSACTION

  • control field: 20230606084351.0

008 - FIXED-LENGTH DATA ELEMENTS

  • fixed length control field: 230606|| aca||aabn | a|a d

040 ## - CATALOGING SOURCE

  • Original cataloging agency: JO-AjAnu
  • Transcribing agency: JO-AjAnu

150 ## - HEADING--TOPICAL TERM

  • Topical term or geographic name entry element: صعوبات تعلم-جوانب اجتماعية

670 ## - SOURCE DATA FOUND

  • Source citation: Work cat.: (JO-AjAnu)32383: اعداد المقابلة، سهام مصطفى محمد؛ اشراف محمد احمد العمري، ربيع حامد الزغول, author 63513, الالكسثيميا وعلاقته بالانسحاب الاجتماعي لدى طلبة ذوي صعوبات التعلم من وجهة نظر اولياء امورهم=Alexithymia and its Relationship to Social Withdrawal among Students With Learning Disabilities from Parents' Perspectives